I Spy... Quiz Stats

 Plays Quiz not verified by Sporcle

Challenge
Share
Tweet
Score 0/12 Timer 04:00
0 Plays Today
% Correct
Hamburger
98%
Lava lamp
95.7%
Sprite
95.3%
Medal
90.9%
Horse
87.8%
Africa
83.5%
Turkey
82.3%
Wizards
81.5%
Stylus
76.4%
Tie
70.9%
Rainbow
69.3%
Mustache
39%

You're not logged in!

Compare scores with friends on all Sporcle quizzes.
Join for Free
OR
Log In

You Might Also Like...

Show Comments

Extras

Created Nov 30, 2015ReportNominate
Tags:item, picture click, search, seek, spy

Top Quizzes Today


Score Distribution

Your Account Isn't Verified!

In order to create a playlist on Sporcle, you need to verify the email address you used during registration. Go to your Sporcle Settings to finish the process.

Report this User

Report this user for behavior that violates our Community Guidelines.

Details: